[Event "37. Copenhagen Open (Politiken Cup)"]
[Site "Elsinore"]
[Date "2015.07.30"]
[Round "7"]
[White "Norlander, Svante"]
[Black "Shehzad, Alisha"]
[Result "1-0"]
[WhiteElo "1705"]
[BlackElo "1266"]
[PlyCount "187"]
[EventDate "2015.07.25"]
[EventType "swiss"]
[EventRounds "10"]
[EventCountry "DEN"]
[Source "ChessBase"]
[SourceDate "2015.09.14"]

1. e4 e5 2. d4 exd4 3. Qxd4 Nc6 4. Qa4 Nf6 5. Nf3 d6 6. Nc3 g6 7. g3 Bg7 8. Bg2
O-O 9. Bd2 Bg4 10. h3 Bd7 11. Qc4 Re8 12. O-O-O Rb8 13. Bg5 Be6 14. Qe2 h6 15.
Bxf6 Bxf6 16. Qd2 Bg7 17. Kb1 Qe7 18. Rhe1 Rbd8 19. Nd5 Bxd5 20. exd5 Ne5 21.
Nd4 Qf8 22. Be4 Re7 23. b3 Rde8 24. c3 Nd7 25. Bc2 Rxe1 26. Rxe1 Rxe1+ 27. Qxe1
Ne5 28. f4 Nd7 29. g4 Nb6 30. Qe4 Qd8 31. f5 Qg5 32. Qe8+ Bf8 33. fxg6 fxg6 34.
Bxg6 Qe7 35. Qxe7 Bxe7 36. c4 Kg7 37. Bh5 Kf6 38. Nf5 Bd8 39. Nxh6 Kg7 40. Nf5+
Kf6 41. Be8 Ke5 42. Kc2 Kf4 43. Nd4 Bh4 44. Ne6+ Kg3 45. g5 Nc8 46. g6 Ne7 47.
g7 Kxh3 48. Bf7 c6 49. g8=Q Nxg8 50. Bxg8 Kg4 51. dxc6 bxc6 52. Nd4 c5 53. Nb5
a6 54. Nxd6 Kf4 55. Bd5 Be7 56. Ne4 Ke5 57. Kd3 Kf4 58. a3 a5 59. a4 Ke5 60.
Nc3 Bd8 61. Nb5 Bb6 62. Ke3 Kf5 63. Kf3 Ke5 64. Bg8 Kf5 65. Nd6+ Ke5 66. Nb5
Kf5 67. Nc3 Ke5 68. Ke3 Kf5 69. Bd5 Ke5 70. Ne4 Kf5 71. Nd6+ Ke5 72. Nb7 Kf5
73. Be4+ Ke5 74. Bc2 Kf6 75. Ke4 Ke6 76. Bd1 Kd7 77. Kd5 Kc7 78. Nxc5 Kc8 79.
Bg4+ Kc7 80. Bf5 Kd8 81. Kc6 Ba7 82. Kb5 Kc7 83. Ne6+ Kb7 84. Kxa5 Ka8 85. b4
Kb7 86. c5 Ka8 87. b5 Bxc5 88. Nxc5 Kb8 89. Kb6 Ka8 90. a5 Kb8 91. a6 Ka8 92.
Be4+ Kb8 93. a7+ Kc8 94. a8=Q# 1-0

[Event "37. Copenhagen Open (Politiken Cup)"]
[Site "Elsinore"]
[Date "2015.07.30"]
[Round "7"]
[White "Olesen, Poul Erik Norgaard"]
[Black "Brondum, Eric"]
[Result "1-0"]
[WhiteElo "1970"]
[BlackElo "2114"]
[PlyCount "53"]
[EventDate "2015.07.25"]
[EventType "swiss"]
[EventRounds "10"]
[EventCountry "DEN"]
[Source "ChessBase"]
[SourceDate "2015.09.14"]

1. e4 g6 2. d4 Bg7 3. Nc3 d6 4. h4 h5 5. Be2 a6 6. Be3 b5 7. a3 Bb7 8. Nh3 Nd7
9. O-O Ngf6 10. Ng5 O-O 11. f4 Nh7 12. f5 Nxg5 13. hxg5 c5 14. d5 b4 15. axb4
cxb4 16. Na4 Be5 17. Bxh5 Kg7 18. Bg4 Rh8 19. Bh3 Qc7 20. f6+ exf6 21. Bxd7
Qxd7 22. gxf6+ Kg8 23. Nb6 Qd8 24. Nxa8 Bxa8 25. Bd4 Bh2+ 26. Kf2 a5 27. Rh1
1-0

[Event "37. Copenhagen Open (Politiken Cup)"]
[Site "Elsinore"]
[Date "2015.07.30"]
[Round "7"]
[White "Olofsson Dolk, Mattis"]
[Black "Skovgaard, Tom"]
[Result "1-0"]
[WhiteElo "2253"]
[BlackElo "2022"]
[PlyCount "81"]
[EventDate "2015.07.25"]
[EventType "swiss"]
[EventRounds "10"]
[EventCountry "DEN"]
[Source "ChessBase"]
[SourceDate "2015.09.14"]

1. d4 d5 2. c4 e6 3. Nc3 c5 4. cxd5 exd5 5. Nf3 Nc6 6. g3 Nf6 7. Bg2 Be6 8. O-O
c4 9. Ne5 Qb6 10. Nxc6 bxc6 11. e4 dxe4 12. Nxe4 Be7 13. Nxf6+ Bxf6 14. Be3 Rd8
15. Qa4 Bd5 16. Bxd5 Rxd5 17. Qxc4 O-O 18. b3 Bxd4 19. Bxd4 Rxd4 20. Qc3 Rfd8
21. Rac1 Rd2 22. Rc2 Rxc2 23. Qxc2 g6 24. Re1 Qb4 25. Re2 Qg4 26. Kg2 a5 27.
Re5 Qb4 28. Qxc6 Rd2 29. Qa8+ Kg7 30. Re8 Rxa2 31. Rg8+ Kh6 32. Qf3 Qd4 33. g4
f6 34. Rb8 a4 35. Rb5 axb3 36. Qh3+ Kg7 37. Rb7+ Kf8 38. Qh6+ Ke8 39. Rb8+ Kd7
40. Qxh7+ Kc6 41. Qb7+ 1-0

[Event "37. Copenhagen Open (Politiken Cup)"]
[Site "Elsinore"]
[Date "2015.07.30"]
[Round "7"]
[White "Olsen, Aage Dalstrup"]
[Black "Skjolingstad, Sverre"]
[Result "0-1"]
[WhiteElo "1735"]
[BlackElo "1519"]
[PlyCount "74"]
[EventDate "2015.07.25"]
[EventType "swiss"]
[EventRounds "10"]
[EventCountry "DEN"]
[Source "ChessBase"]
[SourceDate "2015.09.14"]

1. e4 c5 2. Nc3 d6 3. f4 Nf6 4. Nf3 e6 5. Bc4 a6 6. a4 Be7 7. d3 Nc6 8. O-O O-O
9. Qe1 d5 10. Bb3 Rb8 11. e5 Nd7 12. Qg3 b5 13. h4 Nd4 14. Nxd4 cxd4 15. Ne2
Bxh4 16. Qh3 Be7 17. axb5 axb5 18. Kh2 Qc7 19. Nxd4 Nc5 20. c3 b4 21. Bd1 bxc3
22. bxc3 f6 23. Re1 f5 24. Be2 Nb3 25. Nxb3 Rxb3 26. Bd2 Rb2 27. Rad1 Bd7 28.
Rh1 Ra8 29. Kg1 h6 30. Qe3 Raa2 31. Kh2 Ba4 32. g4 Bxd1 33. Rxd1 fxg4 34. Bxg4
Qxc3 35. Bxe6+ Kh8 36. Kh3 Rxd2 37. Rxd2 Qxd2 0-1

[Event "37. Copenhagen Open (Politiken Cup)"]
[Site "Elsinore"]
[Date "2015.07.30"]
[Round "7"]
[White "Olsen, Michael Richard W"]
[Black "Vuilleumier, Alexandre"]
[Result "0-1"]
[WhiteElo "2070"]
[BlackElo "2357"]
[PlyCount "74"]
[EventDate "2015.07.25"]
[EventType "swiss"]
[EventRounds "10"]
[EventCountry "DEN"]
[Source "ChessBase"]
[SourceDate "2015.09.14"]

1. Nf3 Nf6 2. g3 b5 3. Bg2 Bb7 4. d3 e6 5. a4 b4 6. Nbd2 d5 7. h3 c5 8. Nf1 Nc6
9. Ne3 Be7 10. b3 Nd7 11. Bb2 Bf6 12. Bxf6 Qxf6 13. O-O O-O 14. Ng4 Qc3 15. Qd2
Qxd2 16. Nxd2 Nd4 17. e3 Nxc2 18. Rac1 Na3 19. Rfd1 Rac8 20. Bf1 Rc7 21. Nh2 f6
22. Nhf3 Ne5 23. Nd4 Kf7 24. f4 Rfc8 25. Nb5 Nxb5 26. axb5 Nd7 27. Ra1 Ra8 28.
Ra5 Nb6 29. Rda1 Bc8 30. Bg2 Bd7 31. Kf2 Ke7 32. Bf1 Nc8 33. Nf3 Rb8 34. d4 c4
35. R1a4 Rxb5 36. Rxb5 Bxb5 37. Rxb4 c3 0-1

[Event "37. Copenhagen Open (Politiken Cup)"]
[Site "Elsinore"]
[Date "2015.07.30"]
[Round "7"]
[White "Opasiak, Dustin Tennessee"]
[Black "Jorgensen, Morten"]
[Result "1/2-1/2"]
[WhiteElo "1791"]
[BlackElo "1602"]
[PlyCount "47"]
[EventDate "2015.07.25"]
[EventType "swiss"]
[EventRounds "10"]
[EventCountry "DEN"]
[Source "ChessBase"]
[SourceDate "2015.09.14"]

1. e4 c5 2. Nf3 d6 3. Bb5+ Bd7 4. a4 a6 5. Bxd7+ Nxd7 6. O-O Ngf6 7. Re1 e6 8.
c3 Qc7 9. d4 Be7 10. Nbd2 cxd4 11. cxd4 O-O 12. Nf1 Rfe8 13. Ng3 Bf8 14. h3
Rac8 15. Bd2 Qb6 16. b4 Rc4 17. Rc1 Rec8 18. Rxc4 Rxc4 19. Qb1 e5 20. d5 Qc7
21. a5 Qc8 22. Rc1 Rxc1+ 23. Qxc1 Qxc1+ 24. Bxc1 1/2-1/2

[Event "37. Copenhagen Open (Politiken Cup)"]
[Site "Elsinore"]
[Date "2015.07.30"]
[Round "7"]
[White "Overgaard, Jorgen"]
[Black "Christiansen, Niels Jorgen"]
[Result "1-0"]
[WhiteElo "1800"]
[BlackElo "1625"]
[PlyCount "93"]
[EventDate "2015.07.25"]
[EventType "swiss"]
[EventRounds "10"]
[EventCountry "DEN"]
[Source "ChessBase"]
[SourceDate "2015.09.14"]

1. e4 c5 2. Nc3 e5 3. Bc4 Nf6 4. d3 Nc6 5. a3 Be7 6. f4 d6 7. f5 a6 8. Nf3 h6
9. O-O b5 10. Ba2 Qb6 11. Kh1 Bd7 12. Be3 Nd4 13. Bg1 Rc8 14. Ne2 Qc7 15. c3
Nxe2 16. Qxe2 Bc6 17. Nd2 Bb7 18. Rf3 d5 19. Rg3 Bf8 20. exd5 Bxd5 21. Bxd5
Nxd5 22. Re1 f6 23. d4 cxd4 24. cxd4 Bd6 25. Qe4 Qe7 26. dxe5 fxe5 27. Rg6 Nf6
28. Qe3 O-O 29. Qxh6 Qb7 30. Nf3 Rc2 31. Qg5 Rxb2 32. Nxe5 Rc2 33. Nf3 Rc4 34.
h3 Bxa3 35. Qh6 Rc2 36. Qg5 Qc7 37. Bh2 Qb7 38. Be5 Bb2 39. Bxb2 Rxb2 40. Qe3
Qf7 41. Ng5 Qd5 42. Ne6 Rf7 43. Qg5 Qd7 44. Nxg7 Rxg7 45. Qxf6 Rxg6 46. Qxg6+
Qg7 47. Re8# 1-0

[Event "37. Copenhagen Open (Politiken Cup)"]
[Site "Elsinore"]
[Date "2015.07.30"]
[Round "7"]
[White "Pantzar, Milton"]
[Black "Simensen, Vegard"]
[Result "1-0"]
[WhiteElo "2098"]
[BlackElo "1859"]
[PlyCount "147"]
[EventDate "2015.07.25"]
[EventType "swiss"]
[EventRounds "10"]
[EventCountry "DEN"]
[Source "ChessBase"]
[SourceDate "2015.09.14"]

1. d4 Nf6 2. c4 e6 3. Nc3 Bb4 4. e3 O-O 5. Nge2 Re8 6. a3 Bf8 7. e4 d6 8. f3 e5
9. d5 a5 10. Be3 Na6 11. Nc1 Nc5 12. Nd3 Nxd3+ 13. Bxd3 Be7 14. Qd2 Nd7 15. Bc2
Nb6 16. Bd3 c6 17. O-O-O cxd5 18. cxd5 Bd7 19. Qf2 Na4 20. Nxa4 Bxa4 21. Rd2
Qd7 22. Kb1 b5 23. Ka2 b4 24. b3 Rec8 25. Bc2 Bb5 26. a4 Ba6 27. Bd3 Rc3 28.
Bxa6 Rxa6 29. Rc2 Ra8 30. Rhc1 Rac8 31. Kb2 R3c7 32. Rxc7 Rxc7 33. Rxc7 Qxc7
34. Qc2 Qb8 35. Qc6 Kf8 36. Qd7 Qa8 37. Qc6 Qb8 38. Qd7 Qa8 39. Bb6 g6 40. Qa7
Qc8 41. Qc7 Qa6 42. Bxa5 Qd3 43. Bxb4 Qd4+ 44. Qc3 Qg1 45. Qd2 Qxh2 46. Qf2 Kg7
47. a5 Bg5 48. a6 Qf4 49. Bd2 Qf6 50. a7 Bxd2 51. a8=Q Bb4 52. Ka2 Bc5 53. Qd2
Bd4 54. Qc6 Qd8 55. b4 Qb8 56. Kb3 Qd8 57. b5 Bc5 58. Qb7 Qh4 59. Ka2 Qh1 60.
Qc7 Qf1 61. Qc2 Qxb5 62. Qc6 Qf1 63. Q6a4 Bd4 64. Kb3 Qe1 65. Qaa2 Qf1 66. Qe2
Qc1 67. Qec2 Qf1 68. Qc4 Qg1 69. Ka4 Bc5 70. Kb5 Qe3 71. Kc6 Qg5 72. Qca6 Qe7
73. Qc8 Qg5 74. Qaa8 1-0

[Event "37. Copenhagen Open (Politiken Cup)"]
[Site "Elsinore"]
[Date "2015.07.30"]
[Round "7"]
[White "Papp, Petra"]
[Black "Fernandez, Daniel Howard"]
[Result "0-1"]
[WhiteElo "2300"]
[BlackElo "2472"]
[PlyCount "144"]
[EventDate "2015.07.25"]
[EventType "swiss"]
[EventRounds "10"]
[EventCountry "DEN"]
[Source "ChessBase"]
[SourceDate "2015.09.14"]

1. e4 c5 2. Nf3 d6 3. d4 cxd4 4. Nxd4 Nf6 5. Nc3 a6 6. Bg5 e6 7. f4 h6 8. Bh4
Be7 9. Qf3 Qc7 10. O-O-O Nbd7 11. g4 b5 12. Bxf6 Nxf6 13. g5 hxg5 14. fxg5 Nh5
15. g6 fxg6 16. Bh3 Bg5+ 17. Kb1 Nf4 18. Bg4 O-O 19. h4 Bh6 20. Qg3 b4 21. Nce2
e5 22. Nxf4 Rxf4 23. Ne6 Rxg4 24. Nxc7 Rxg3 25. Nxa8 Bb7 26. Nc7 Bxe4 27. Rhe1
Bf3 28. Rxd6 a5 29. Ne6 Kf7 30. Ng5+ Bxg5 31. hxg5 Rxg5 32. c4 e4 33. Kc2 Rf5
34. Kd2 g5 35. Rg1 g4 36. Ke3 Rh5 37. Rd5 Rh2 38. Rd2 Rh5 39. Rd5 g6 40. Rd6
Rg5 41. Kf4 Rf5+ 42. Ke3 Rh5 43. Rd5 Ke6 44. Rd4 Kf6 45. Rd6+ Kf7 46. Rd5 Ke6
47. Rd4 Rh3 48. Rd5 g3 49. Rg5 g2 50. Rxg6+ Kf5 51. Rg7 Rh1 52. R1xg2 Bxg2 53.
Rxg2 Rh3+ 54. Ke2 a4 55. c5 Ke5 56. c6 Kd6 57. Rg6+ Kc7 58. Kd2 Kb6 59. Re6
Rh2+ 60. Kc1 Re2 61. a3 b3 62. Kd1 Rxb2 63. Rxe4 Rh2 64. Rxa4 b2 65. Rb4+ Kxc6
66. a4 Kc5 67. Rb8 Kc4 68. a5 Kc3 69. Rc8+ Kb3 70. Rb8+ Ka2 71. a6 Rh8 72. a7
b1=Q+ 0-1

[Event "37. Copenhagen Open (Politiken Cup)"]
[Site "Elsinore"]
[Date "2015.07.30"]
[Round "7"]
[White "Pedersen, Carl Aage"]
[Black "Roksvold, Jan"]
[Result "0-1"]
[WhiteElo "1778"]
[BlackElo "1927"]
[PlyCount "68"]
[EventDate "2015.07.25"]
[EventType "swiss"]
[EventRounds "10"]
[EventCountry "DEN"]
[Source "ChessBase"]
[SourceDate "2015.09.14"]

1. d4 Nf6 2. c4 e6 3. Nc3 d5 4. Nf3 Be7 5. Bg5 O-O 6. e3 h6 7. Bh4 Ne4 8. Bxe7
Qxe7 9. Bd3 Nxc3 10. bxc3 Nd7 11. O-O e5 12. Nxe5 Nxe5 13. dxe5 dxc4 14. Bxc4
Qxe5 15. Qd4 Qe7 16. Rfd1 b6 17. Bd5 Rb8 18. Bf3 Be6 19. Qb4 c5 20. Qf4 Rfd8
21. h3 Rxd1+ 22. Bxd1 Rd8 23. Bb3 Bxb3 24. axb3 a5 25. Qf5 Qd6 26. Qc2 Qd2 27.
Qxd2 Rxd2 28. b4 axb4 29. cxb4 c4 30. Ra8+ Kh7 31. Rc8 Rd1+ 32. Kh2 b5 33. Rc5
c3 34. Rxb5 c2 0-1

[Event "37. Copenhagen Open (Politiken Cup)"]
[Site "Elsinore"]
[Date "2015.07.30"]
[Round "7"]
[White "Pedersen, Hans Buus"]
[Black "Greeuw, Sietske"]
[Result "1/2-1/2"]
[WhiteElo "2158"]
[BlackElo "1989"]
[PlyCount "33"]
[EventDate "2015.07.25"]
[EventType "swiss"]
[EventRounds "10"]
[EventCountry "DEN"]
[Source "ChessBase"]
[SourceDate "2015.09.14"]

1. e4 c5 2. c3 Nf6 3. e5 Nd5 4. Nf3 e6 5. Bc4 d6 6. O-O Be7 7. d4 cxd4 8. cxd4
O-O 9. Qe2 Nc6 10. Qe4 Ndb4 11. exd6 Qxd6 12. Bf4 f5 13. Qe3 Qd7 14. Qd2 Nd5
15. Ne5 Nxe5 16. Bxe5 b6 17. Nc3 1/2-1/2

[Event "37. Copenhagen Open (Politiken Cup)"]
[Site "Elsinore"]
[Date "2015.07.30"]
[Round "7"]
[White "Pedersen, Lars Foldager"]
[Black "Nielsen, Jorgen Lovgren"]
[Result "1-0"]
[WhiteElo "1907"]
[BlackElo "2106"]
[PlyCount "59"]
[EventDate "2015.07.25"]
[EventType "swiss"]
[EventRounds "10"]
[EventCountry "DEN"]
[Source "ChessBase"]
[SourceDate "2015.09.14"]

1. Nf3 f5 2. e4 fxe4 3. Ng5 e5 4. d3 Be7 5. dxe4 Bxg5 6. Qh5+ g6 7. Qxg5 Qe7 8.
Nc3 c6 9. Bc4 d6 10. O-O Be6 11. Bxe6 Qxe6 12. f4 Nd7 13. f5 gxf5 14. Rxf5 Ngf6
15. Qh6 Rg8 16. Bg5 Rg6 17. Qh3 O-O-O 18. Raf1 Rdg8 19. Bxf6 Nxf6 20. R1f2 R8g7
21. Qe3 Kb8 22. g3 Re7 23. Qf3 Ng4 24. Rf8+ Kc7 25. Nd5+ cxd5 26. Qc3+ Kb6 27.
Qb4+ Ka6 28. R2f3 b6 29. Rb8 Qd7 30. Ra3+ 1-0

[Event "37. Copenhagen Open (Politiken Cup)"]
[Site "Elsinore"]
[Date "2015.07.30"]
[Round "7"]
[White "Petersen, Tom Petri"]
[Black "Nordenbaek, Jan"]
[Result "1-0"]
[WhiteElo "2360"]
[BlackElo "2134"]
[PlyCount "73"]
[EventDate "2015.07.25"]
[EventType "swiss"]
[EventRounds "10"]
[EventCountry "DEN"]
[Source "ChessBase"]
[SourceDate "2015.09.14"]

1. Nf3 c5 2. g3 g6 3. Bg2 Bg7 4. O-O Nc6 5. d3 d6 6. c3 e5 7. e4 Nge7 8. Na3
O-O 9. Be3 b6 10. d4 exd4 11. cxd4 Bg4 12. Nc2 Qc8 13. Qd3 Bxf3 14. Bxf3 cxd4
15. Bxd4 Bxd4 16. Nxd4 Ne5 17. Qd2 Nxf3+ 18. Nxf3 Qe6 19. Nd4 Qxe4 20. Rfe1 Qb7
21. Qg5 Rae8 22. Rad1 Nc6 23. Qd5 Na5 24. Qxd6 Nc4 25. Qf6 Nxb2 26. Nf5 gxf5
27. Qxb2 Qf3 28. Qf6 Re2 29. Rxe2 Qxe2 30. Rd4 Qe6 31. Qg5+ Qg6 32. Qf4 Rc8 33.
h4 Re8 34. Kh2 Kg7 35. Rd5 Re4 36. Qf3 Qg4 37. Qc3+ 1-0

[Event "37. Copenhagen Open (Politiken Cup)"]
[Site "Elsinore"]
[Date "2015.07.30"]
[Round "7"]
[White "Petersson, Baldur Teodor"]
[Black "Satre, Mathias"]
[Result "1/2-1/2"]
[WhiteElo "1988"]
[BlackElo "1753"]
[PlyCount "126"]
[EventDate "2015.07.25"]
[EventType "swiss"]
[EventRounds "10"]
[EventCountry "DEN"]
[Source "ChessBase"]
[SourceDate "2015.09.14"]

1. e4 c5 2. Nc3 Nc6 3. g3 g6 4. Bg2 Bg7 5. d3 d6 6. f4 e6 7. Nf3 Nge7 8. O-O
O-O 9. Be3 Nd4 10. e5 Nef5 11. Bf2 Nxf3+ 12. Qxf3 Nd4 13. Qd1 dxe5 14. fxe5
Bxe5 15. Na4 Qc7 16. c3 Nf5 17. Nxc5 h5 18. d4 Bg7 19. Qf3 Rb8 20. h3 b6 21. g4
hxg4 22. hxg4 Nxd4 23. Bxd4 Bxd4+ 24. cxd4 bxc5 25. Rac1 Qa5 26. Rxc5 Qxa2 27.
Rg5 Ba6 28. Rf2 Qb1+ 29. Kh2 Rxb2 30. Rxg6+ Qxg6 31. Rxb2 f5 32. Qc6 Qh6+ 33.
Kg1 Qe3+ 34. Kh2 Qh6+ 35. Kg1 Qe3+ 36. Kh1 Bd3 37. Bd5 Qh3+ 38. Kg1 Qf1+ 39.
Kh2 Qf4+ 40. Kh1 Qf1+ 41. Kh2 Qf4+ 42. Kh1 Be4+ 43. Bxe4 Qxe4+ 44. Qxe4 fxe4
45. Kg2 e3 46. Rb3 Rf4 47. Rxe3 Kf7 48. Ra3 Rxg4+ 49. Kf3 Rxd4 50. Rxa7+ Kf6
51. Ke3 Ke5 52. Ra5+ Rd5 53. Rxd5+ Kxd5 54. Kd3 e5 55. Ke3 e4 56. Ke2 Kd4 57.
Kd2 e3+ 58. Ke2 Ke4 59. Ke1 Kd4 60. Ke2 Ke4 61. Ke1 Kf3 62. Kf1 e2+ 63. Ke1 Ke3
1/2-1/2

[Event "37. Copenhagen Open (Politiken Cup)"]
[Site "Elsinore"]
[Date "2015.07.30"]
[Round "7"]
[White "Poulsen, Iver"]
[Black "Degerfeldt, Sven"]
[Result "0-1"]
[WhiteElo "2119"]
[BlackElo "1859"]
[PlyCount "74"]
[EventDate "2015.07.25"]
[EventType "swiss"]
[EventRounds "10"]
[EventCountry "DEN"]
[Source "ChessBase"]
[SourceDate "2015.09.14"]

1. e4 c5 2. Nc3 e6 3. Nf3 a6 4. d4 cxd4 5. Nxd4 Nc6 6. f4 Qc7 7. Be3 d6 8. Qf3
Nf6 9. O-O-O Be7 10. g4 O-O 11. g5 Nxd4 12. Bxd4 Nd7 13. Rg1 Re8 14. Rg3 g6 15.
Bd3 b5 16. a3 Rb8 17. f5 Ne5 18. Bxe5 dxe5 19. f6 Bf8 20. Nb1 b4 21. axb4 Rxb4
22. b3 Rxb3 23. Kd2 Qa5+ 24. Ke2 Rb2 25. Nd2 Qc3 26. h4 Rd8 27. h5 Rd7 28. Rh3
Bb4 29. Qe3 Rxc2 30. Bxc2 Qxc2 31. hxg6 hxg6 32. Ke1 a5 33. Rh2 Rd3 34. Qb6 Rd4
35. Re2 Qd3 36. Qc6 Ba6 37. Qe8+ Bf8 0-1

[Event "37. Copenhagen Open (Politiken Cup)"]
[Site "Elsinore"]
[Date "2015.07.30"]
[Round "7"]
[White "Rakhmanov, Alexander"]
[Black "Nisipeanu, Liviu Dieter"]
[Result "0-1"]
[WhiteElo "2626"]
[BlackElo "2654"]
[PlyCount "100"]
[EventDate "2015.07.25"]
[EventType "swiss"]
[EventRounds "10"]
[EventCountry "DEN"]
[Source "ChessBase"]
[SourceDate "2015.09.14"]

1. Nf3 Nf6 2. d4 d5 3. g3 c6 4. Bg2 Bf5 5. O-O h6 6. c4 e6 7. Nc3 Nbd7 8. Nd2
Be7 9. e4 dxe4 10. Ndxe4 Nxe4 11. Nxe4 O-O 12. Qb3 Nf6 13. Nxf6+ Bxf6 14. d5 b5
15. d6 bxc4 16. Qxc4 Qxd6 17. Bf4 Qd4 18. Qxd4 Bxd4 19. Rad1 Bxb2 20. Bxc6 Rac8
21. Bd7 Rc4 22. Bb5 Rb4 23. Bd3 Bxd3 24. Rxd3 Ra4 25. Rb1 Bd4 26. a3 Rc8 27.
Be3 Bxe3 28. Rxe3 Rc7 29. h4 Ra5 30. Kg2 h5 31. Reb3 g6 32. Rb8+ Kg7 33. R1b3
Rf5 34. R8b5 Rcc5 35. a4 a5 36. f4 Rc2+ 37. Kh3 Ra2 38. Rb7 Rd5 39. Rb2 Rxb2
40. Rxb2 Rd4 41. Ra2 Kf6 42. Ra3 Kf5 43. Ra1 f6 44. Ra2 e5 45. fxe5 fxe5 46.
Ra1 e4 47. Rb1 e3 48. Rf1+ Ke4 49. Rf6 e2 50. Re6+ Kf3 0-1

[Event "37. Copenhagen Open (Politiken Cup)"]
[Site "Elsinore"]
[Date "2015.07.30"]
[Round "7"]
[White "Ramsdal, Jens Albert"]
[Black "Johansson, Linus"]
[Result "1/2-1/2"]
[WhiteElo "2169"]
[BlackElo "2379"]
[PlyCount "79"]
[EventDate "2015.07.25"]
[EventType "swiss"]
[EventRounds "10"]
[EventCountry "DEN"]
[Source "ChessBase"]
[SourceDate "2015.09.14"]

1. e4 e6 2. d4 d5 3. Nd2 Nf6 4. e5 Nfd7 5. Bd3 c5 6. c3 Nc6 7. Ne2 cxd4 8. cxd4
f6 9. exf6 Nxf6 10. O-O Bd6 11. Nf3 Qc7 12. Bg5 O-O 13. Bh4 Nh5 14. Bg3 Nxg3
15. hxg3 g6 16. Rc1 Qb6 17. Qd2 Bd7 18. Qg5 Rf7 19. Rfd1 Raf8 20. Nf4 Rxf4 21.
Bxg6 Qd8 22. gxf4 Qxg5 23. Bxh7+ Kg7 24. fxg5 Kxh7 25. Rc3 Kg6 26. g3 Bc7 27.
b4 Bb6 28. b5 Rxf3 29. Rxf3 Nxd4 30. Rf8 Bxb5 31. Kg2 Be2 32. Rh1 Bc5 33. Rf6+
Kxg5 34. Rhh6 Bf3+ 35. Kh3 Bg4+ 36. Kg2 Bf3+ 37. Kh3 Bg4+ 38. Kg2 Bf3+ 39. Kh3
Bg4+ 40. Kg2 1/2-1/2

[Event "37. Copenhagen Open (Politiken Cup)"]
[Site "Elsinore"]
[Date "2015.07.30"]
[Round "7"]
[White "Rasmussen, Henning1"]
[Black "Hogeman, Joel"]
[Result "0-1"]
[WhiteElo "1817"]
[BlackElo "1946"]
[PlyCount "59"]
[EventDate "2015.07.25"]
[EventType "swiss"]
[EventRounds "10"]
[EventCountry "DEN"]
[Source "ChessBase"]
[SourceDate "2015.09.14"]

1. Nf3 d5 2. d4 Nf6 3. c4 e6 4. Nc3 Be7 5. e3 O-O 6. Bd3 c5 7. cxd5 exd5 8.
dxc5 Bxc5 9. O-O a6 10. a3 Nc6 11. b4 Ba7 12. Bb2 Bg4 13. Be2 Re8 14. Nd4 Ne5
15. Bxg4 Nexg4 16. Re1 Qd6 17. g3 Rad8 18. Nce2 Ne4 19. Rf1 Qh6 20. h4 Re5 21.
Qe1 g5 22. Kg2 gxh4 23. Rh1 Ngxf2 24. Rxh4 Rh5 25. Rxh5 Qxh5 26. Qg1 Qh3+ 27.
Kf3 Rd6 28. Nf4 Qg4+ 29. Kg2 Qxg3+ 30. Kf1 0-1

[Event "37. Copenhagen Open (Politiken Cup)"]
[Site "Elsinore"]
[Date "2015.07.30"]
[Round "7"]
[White "Rasmussen, Lars"]
[Black "Pedersen, Kim Michael"]
[Result "1/2-1/2"]
[WhiteElo "1953"]
[BlackElo "1764"]
[PlyCount "44"]
[EventDate "2015.07.25"]
[EventType "swiss"]
[EventRounds "10"]
[EventCountry "DEN"]
[Source "ChessBase"]
[SourceDate "2015.09.14"]

1. e4 e5 2. Nf3 Nf6 3. Nxe5 d6 4. Nf3 Nxe4 5. d4 d5 6. Bd3 Bg4 7. O-O Bd6 8. c4
c6 9. Re1 f5 10. h3 Bh5 11. Qb3 O-O 12. cxd5 Kh8 13. dxc6 Nxc6 14. d5 Bxf3 15.
gxf3 Nd4 16. Qd1 Nxf2 17. Kxf2 Qh4+ 18. Kg2 Qg3+ 19. Kf1 Qxh3+ 20. Kf2 Qg3+ 21.
Kf1 Qh3+ 22. Kf2 Qg3+ 1/2-1/2

[Event "37. Copenhagen Open (Politiken Cup)"]
[Site "Elsinore"]
[Date "2015.07.30"]
[Round "7"]
[White "Rewitz, Poul"]
[Black "Matras, Ove"]
[Result "1-0"]
[WhiteElo "2184"]
[BlackElo "1940"]
[PlyCount "43"]
[EventDate "2015.07.25"]
[EventType "swiss"]
[EventRounds "10"]
[EventCountry "DEN"]
[Source "ChessBase"]
[SourceDate "2015.09.14"]

1. c3 c5 2. g3 Nc6 3. Bg2 d5 4. f4 g6 5. Nf3 Bg7 6. O-O Nf6 7. d3 O-O 8. Nbd2
Rb8 9. e4 dxe4 10. dxe4 e5 11. Nc4 Bg4 12. Qxd8 Rbxd8 13. Nfxe5 Be2 14. Re1
Nxe5 15. Nxe5 Rd1 16. Rxd1 Bxd1 17. Be3 Bc2 18. Bxc5 Rc8 19. Bxa7 Nxe4 20. Rc1
Bxe5 21. Rxc2 Nxc3 22. fxe5 1-0

[Event "37. Copenhagen Open (Politiken Cup)"]
[Site "Elsinore"]
[Date "2015.07.30"]
[Round "7"]
[White "Rishovd, Svein"]
[Black "Royset, Pal"]
[Result "1/2-1/2"]
[WhiteElo "2094"]
[BlackElo "2236"]
[PlyCount "40"]
[EventDate "2015.07.25"]
[EventType "swiss"]
[EventRounds "10"]
[EventCountry "DEN"]
[Source "ChessBase"]
[SourceDate "2015.09.14"]

1. Nf3 Nf6 2. c4 e6 3. g3 c5 4. Bg2 Nc6 5. O-O d5 6. b3 d4 7. e3 Be7 8. exd4
cxd4 9. Re1 Nd7 10. Ba3 O-O 11. d3 a5 12. Bxe7 Qxe7 13. a3 f5 14. Ra2 Nc5 15.
Rae2 Ra6 16. Qc2 Rb6 17. Nbd2 Na6 18. Qb2 Nc5 19. Qc2 Na6 20. Qb2 Nc5 1/2-1/2

[Event "37. Copenhagen Open (Politiken Cup)"]
[Site "Elsinore"]
[Date "2015.07.30"]
[Round "7"]
[White "Roder, Peter"]
[Black "Brobakken, Geir"]
[Result "1/2-1/2"]
[WhiteElo "2144"]
[BlackElo "1936"]
[PlyCount "68"]
[EventDate "2015.07.25"]
[EventType "swiss"]
[EventRounds "10"]
[EventCountry "DEN"]
[Source "ChessBase"]
[SourceDate "2015.09.14"]

1. d4 Nf6 2. c4 e5 3. dxe5 Ng4 4. Nf3 Nc6 5. e3 Ngxe5 6. Be2 d6 7. Nc3 Be6 8.
b3 g6 9. O-O Bg7 10. Bb2 O-O 11. a3 f5 12. Rb1 h6 13. Nd5 Qd7 14. Qd2 Nxf3+ 15.
Bxf3 Ne5 16. Be2 Rad8 17. Rbc1 Kh7 18. f4 Nc6 19. Bf3 Qf7 20. g3 Rd7 21. Bxg7
Qxg7 22. Qc3 Qxc3 23. Rxc3 Kg7 24. Rd1 Nd8 25. Rcd3 Nf7 26. Kf2 Rb8 27. Nc3 Re7
28. e4 a6 29. a4 fxe4 30. Bxe4 Bg4 31. Re1 Nd8 32. Nd5 Rf7 33. Bf3 Bxf3 34.
Kxf3 Nc6 1/2-1/2

[Event "37. Copenhagen Open (Politiken Cup)"]
[Site "Elsinore"]
[Date "2015.07.30"]
[Round "7"]
[White "Roksvold, Thore"]
[Black "Berg Olsen, Sebastian N"]
[Result "1/2-1/2"]
[WhiteElo "1629"]
[BlackElo "1302"]
[PlyCount "103"]
[EventDate "2015.07.25"]
[EventType "swiss"]
[EventRounds "10"]
[EventCountry "DEN"]
[Source "ChessBase"]
[SourceDate "2015.09.14"]

1. e4 e6 2. d4 d5 3. Nc3 Bb4 4. Bd3 c5 5. exd5 cxd4 6. Bb5+ Bd7 7. Bxd7+ Qxd7
8. Qxd4 Bxc3+ 9. Qxc3 Nf6 10. dxe6 Qxe6+ 11. Be3 O-O 12. Nf3 Nc6 13. O-O h6 14.
Rfe1 Qf5 15. Nd4 Nxd4 16. Bxd4 Rfc8 17. Qd3 Qxd3 18. cxd3 Rc2 19. Bxf6 gxf6 20.
b3 Rd2 21. Red1 Rc2 22. Kf1 Rac8 23. Re1 Rb2 24. Re2 Rcc2 25. Rxc2 Rxc2 26. Ke1
Kf8 27. a3 Rc3 28. Kd2 Rxb3 29. Kc2 Rb5 30. d4 Ke7 31. a4 Rf5 32. f3 Kd6 33.
Rb1 b6 34. Kd3 Ra5 35. Rb4 Rh5 36. h3 Ra5 37. g4 f5 38. Rb5 Rxb5 39. axb5 fxg4
40. fxg4 Kd5 41. h4 f6 42. h5 Kd6 43. Ke4 Ke6 44. d5+ Kd6 45. Kf5 Kxd5 46. Kg6
Ke6 47. g5 fxg5 48. Kxh6 Kf6 49. Kh7 Kf7 50. h6 g4 51. Kh8 g3 52. h7 1/2-1/2